00454cam a22000977a 4500008004000000082001700040245015400057260003800211300000900249700009800258180718b1968 xxu||||| |||| 00| 0 eng d aR22x54 In2Ei aReport of the central wage board for engineering indutriescby Ministry of Labour, Employment and Rehabilitation, Department of Labour and Employment aBombaybGovernment of Indiac1968 a361p aIndia. Ministry of Labour, Employment and Rehabilitation, Department of Labour and Employment